TV by Episode Synopsis Quiz Stats

 Plays Quiz Updated Dec 26, 2018

     
Support Sporcle.
Go Orange.
Score 0/22 Timer 07:00
0 Plays Today
Episode Show % Correct
The murder of a man dressed in a raccoon suit is investigated, causing the team to discover the strange world of 'furries'.CSI
60.9%
A family takes a trip to Disney World when the uncle's band is invited to play a gig. The youngest is princess for a day, but accidentally gets lost.Full House
60.8%
The gang visits a bubble boy and get into a massive fight over a misprinted card during a game of Trivial Pursuit.Seinfeld
58%
A teen and his wealthy cousin convince their butler that he has won the lottery. Not realizing it was a prank, the butler resigns.The Fresh Prince of Bel Air
54.2%
The crew must escort a princess to a foreign planet in time for her wedding, but trouble ensues when she falls for the captain.Star Trek
49.2%
While holding an after-work casino night to raise money for charity, a man must juggle having two dates at once.The Office
43.9%
A man refuses to let his separated shoulder interfere with his plan to drive a steamroller during the taping of his TV show, breaking a Bob Vila record in the process.Home Improvement
43.5%
A teen introduces his houseguest to a bi-religous holiday known as Chrismukkah while his two love interests each try to find him the perfect gift.The O.C.
41.4%
An arrogant publicist hires a woman as his interior designer on the condition that she set him up with her gay best friend.Will & Grace
41.1%
A girl fears her 'unique' home life will be exposed when the friend she invited for a sleep over is accidentally transported to another realm.Sabrina the Teenage Witch
40.3%
A man is distraught when he learns that a storeroom that is crucial to his escape plan has since been converted into a break area for the guards.Prison Break
39.9%
Episode Show % Correct
The residents of a quiet suburban town are forever changed when the Sunday school teacher holds them hostage at the local supermarket.Desperate Housewives
32.6%
An elderly woman attempts to break her friend out of the 'worst nursing home in the city', only to discover that her pal may be more than she can handle.The Golden Girls
29.9%
A man is attacked by his mother's killer, meanwhile his sister and co-workers come close to uncovering his own murderous past.Dexter
27.3%
After finding a baby lying in a dumpster, two friends adopt him and attempt to profit off of his potential acting career.It's Always Sunny in Philadelphia
18.8%
In this two part episode, the family must deal with the sudden death of their patriarch. Meanwhile the mom's parents come for a visit.8 Simple Rules
18.2%
In one segment, a new student constantly threatens to kick the main character's butt. In the other, a co-worker refuses to admit that he loves the burger the main character made.SpongeBob SquarePants
16%
A husband causes his wife to leave him when he snubs her phone call for an appointment with the TiVo guy.Curb Your Enthusiasm
15.5%
After being wounded, a special agent has a vision of a giant who gives him several clues about a murder he's investigating in a strange small town.Twin Peaks
12.6%
When a boy keeps making the cut for the baseball team, he wonders if it's because of his talent, or the fact that his dad saved the coach's life in Korea.The Wonder Years
9.9%
A high school vice-principal must contend with a student who has stolen school money believing he is Jesus. Another teacher accidentally books R.E.M. for a school fundraiser.Boston Public
7.1%
When the family attempts to plan a game night, they struggle to get their houseguest to commit because, as they soon discover, he has been 'cheating' on them with another family.American Dad!
4.3%

From the Vault

Top 10 Hits of 2009

by sbme

Music 10m
Remember a year ago, when Kanye West was all you heard about...well him and the Large Hadron Collider.
Remove Ads.
Support Sporcle.
Get the best of Sporcle when you Go Orange. This ad-free experience offers more features, more stats, and more fun while also helping to support Sporcle. Thank you for becoming a member.

Show Comments

Extras

Top Quizzes Today


Score Distribution

Your Account Isn't Verified!

In order to create a playlist on Sporcle, you need to verify the email address you used during registration. Go to your Sporcle Settings to finish the process.

Report this User

Report this user for behavior that violates our Community Guidelines.

Details: